[Event "Stay Safe Play From Home 140"]
[Site "T#645950Emanuel Laske"]
[Date "2020.05.11"]
[Round "5"]
[White "Little champs"]
[Black "Shatarchin7"]
[Result "1-0"]
[WhiteElo "2139"]
[BlackElo "2269"]
[Annotator "TA"]
[PlyCount "121"]
[EventDate "2020.05.11"]
[EventType "swiss (blitz)"]

{[%evp 9,120,0,12,2,18,7,27,36,50,37,43,39,35,0,12,0,6,0,41,-28,-23,-59,-69,-58,11,0,15,2,76,43,68,-55,47,50,67,-101,-123,-103,70,68,101,37,90,77,133,137,151,109,383,376,657,651,631,647,1222,1209,1099,1049,1587,1278,1285,1269,1245,1187,1872,1775,2975,2598,5404,2568,2286,2160,29983,29984,29984,29988,29988,29989,29990,29987,29991,29990,29990,29988,29993,29990,29994,29995,29995,29996,29996,29996,29996,29994,29996,29995,29996,29997,29997,29996,29996,29997,29997,29998,29998,29998,29998,29997,29998,29999,29999,29999,29999]} 1. d4 Nf6 2. e3 e6 3. Nf3 b6 4. Be2 Bb7 5. O-O c5 6. c4 {A46: 1 d4 Nf6 2 Nf3 e6: Torre, London and Colle Systems.} cxd4 7. exd4 d5 8. Ne5 {[#] White has an edge.} a6 $146 ({Predecessor:} 8... Be7 9. Qa4+ Nbd7 10. cxd5 exd5 11. Bb5 a6 12. Bxd7+ Nxd7 13. Nc6 Bxc6 14. Qxc6 O-O 15. Qxd5 {½-½ (75) Schmidt,H (1980)-Petersen,N (2024) Copenhagen 2003}) 9. Bf3 Be7 10. Nc3 O-O 11. b3 Nbd7 12. Bf4 Nxe5 13. Bxe5 Qd7 14. Re1 ({White should play} 14. Na4 $14 Qd8 15. Rc1) 14... dxc4 $11 15. Bxb7 Qxb7 16. bxc4 b5 (16... Rac8 $15 17. Bxf6 Bxf6) 17. Rb1 Qc6 18. c5 Nd5 (18... Nd7 $11 {keeps the balance.}) 19. Ne4 (19. Nxd5 {with more complications.} Qxd5 20. a4 Qc4 21. axb5 axb5 22. Qg4) 19... f6 20. Bg3 (20. Bd6 $14) 20... b4 (20... f5 $15 21. Nd6 f4) 21. Nd6 $36 {[%mdl 2048] White is pushing.} Bxd6 22. cxd6 $2 {[#]} (22. Rxe6 $14 {stays ahead.} Rad8 23. Rxd6 (23. Bxd6 Nf4 $16) 23... Rxd6 24. Bxd6) 22... Nc3 $1 $17 {[%cal Rc3d1]} 23. Qc2 Qd5 $2 (23... Qc4 $17 24. Qb3 Qxb3 25. Rxb3 a5) 24. Rxb4 $14 Nb5 25. Qe4 (25. Qc4 $16 {Strongly threatening a4.} Qxc4 26. Rxc4) 25... Qxe4 ({Better is} 25... Qxa2 $14 26. Qxe6+ Qxe6 27. Rxe6 Rfe8) 26. Rxe4 $16 Rfd8 (26... Rfb8 $142) 27. Rxe6 Rac8 {( -> ...Rc1+)} 28. h3 {a4 is the strong threat.} Kf7 $2 {[%mdl 8192] Loses the game.} (28... Rc1+ $16 {was necessary.} 29. Kh2 Rd1) 29. Re7+ $18 Kg6 $2 (29... Kg8 30. d5 Nxd6 31. Bxd6 Rxd6) 30. d7 Rc1+ 31. Kh2 Rc6 32. a4 Nc3 33. Rb7 Nd5 34. Re8 Rxd7 35. Rxd7 Nb6 36. Rdd8 Nxa4 37. d5 Rc3 38. d6 Nc5 39. d7 Rd3 40. Re7 Nb7 41. Rb8 {White mates.} Nc5 42. d8=Q Rxd8 43. Rxd8 a5 {[#]} 44. Rg8 $1 a4 45. Rgxg7+ {[%mdl 64] Double Attack} Kf5 46. Ra7 h5 47. Rgc7 h4 48. Rxc5+ Kg6 49. Bxh4 a3 50. Rxa3 Kf7 {[#]} 51. Rf5 $1 Kg6 52. Raf3 Kg7 53. Rxf6 Kg8 54. Kg3 Kg7 55. Kg4 Kg8 56. Kg5 Kg7 57. R3f5 Kh7 58. Rg6 Kh8 59. Kf6 {[%cal Rf5h5]} Kh7 60. Kf7 {[%cal Rf5h5]} Kh8 61. Rh5# {Accuracy: White = 56%, Black = 41%.} 1-0

[Event "Stay Safe Play From Home 140"]
[Site "T#645950Emanuel Laske"]
[Date "2020.05.11"]
[Round "5"]
[White "Haxhi Baha"]
[Black "MartinKestler"]
[Result "1-0"]
[WhiteElo "1944"]
[BlackElo "1925"]
[Annotator "TA"]
[PlyCount "65"]
[EventDate "2020.05.11"]
[EventType "swiss (blitz)"]

{[%evp 11,65,22,18,18,49,20,43,9,11,12,25,25,31,16,44,18,42,29,146,62,458,-218,-211,-188,-109,-132,-92,-160,-168,-642,-21,-31,90,105,256,257,251,228,254,179,367,268,2495,2368,29990,29991,29985,1702,29989,29990,29990,29991,29996,29997,29997,29998]} 1. e4 e6 2. d4 d5 3. exd5 exd5 4. Nf3 Nf6 5. Bd3 Be7 6. O-O O-O 7. Re1 {C01: French: Exchange Variation.} b6 8. h3 Re8 {[#]} 9. c3 $146 {White is slightly better.} ({Predecessor:} 9. Nbd2 Bb7 10. Nf1 Nbd7 11. Ng3 Nf8 12. Nf5 Bd6 13. Rxe8 Nxe8 14. c3 Bc8 15. Qc2 Bxf5 16. Bxf5 {1-0 (54) Lagno,K (2530)-Geldyeva,M (2220) Doha 2016}) 9... Bb7 10. Bf4 Nbd7 11. Nbd2 c5 12. Qc2 h6 13. Bf5 Bf8 14. Ne5 Rc8 (14... Nxe5 $11 {remains equal.} 15. Bxe5 (15. dxe5 Nh5 $11) 15... Nd7) 15. g4 (15. Ndf3 $16 {Black must now prevent Nxf7!} Ra8 16. Rad1 (16. Bxd7 Nxd7 17. Qf5 Nxe5 $11)) 15... cxd4 $2 {[%mdl 8192] [#]} ({Black should try} 15... Re7 $14) 16. Qd3 $4 {[%mdl 8192]} (16. Nxf7 $1 $18 {[%mdl 512] is the narrow road to win.} Kxf7 17. Rxe8) 16... dxc3 $19 17. bxc3 {Nxf7! is the strong threat.} Nxe5 (17... Nc5 $19 18. Qe3 Rc7) 18. Bxe5 Ra8 19. Nf3 (19. Qg3 $142 Qe7 20. Bd4) 19... Ne4 $17 {And now ...Bc5 would win.} 20. Nd4 $2 (20. Rad1) 20... f6 $2 ({Better is} 20... Rxe5 $19 21. Rad1 Bc5) 21. Bf4 $11 Qe7 (21... Bd6 $15 {stays ahead.} 22. Ne6 Qe7) 22. f3 $16 Qc5 $2 (22... Qf7 $16 {was necessary.}) 23. fxe4 $18 dxe4 24. Qe3 Rad8 25. Rad1 a5 $2 (25... Kf7) 26. Kh2 Qc6 $2 (26... Bd6 27. Bg6 Re7 28. Bxd6 Qxd6+ 29. Kg2 Qc7) 27. Nxc6 {[%mdl 64] Discovered Attack} Bxc6 28. Rxd8 Rxd8 29. Bxe4 (29. Qxb6 $142 Be7 30. Qxc6 Bf8 31. Rxe4 h5 32. Qe6+ Kh8 33. Qf7 g6 34. Bxg6 Rd2+ 35. Bxd2 Bd6+ {[#]} 36. Kg2 $1 {[%mdl 512]} hxg4 37. Qh7#) 29... Re8 {[#]} 30. Bd5+ $1 {White mates.} Kh8 (30... Bxd5 31. Qxe8) 31. Qxe8 {[%mdl 64] Double Attack} Bxd5 32. Qxf8+ Kh7 {[#]} 33. Re7 $1 {Accuracy: White = 38%, Black = 20%.} 1-0

[Event "Stay Safe Play From Home 140"]
[Site "T#645950Emanuel Laske"]
[Date "2020.05.11"]
[Round "5"]
[White "Fischer_11"]
[Black "Trotsky"]
[Result "1-0"]
[WhiteElo "1929"]
[BlackElo "1635"]
[Annotator "TA"]
[PlyCount "49"]
[EventDate "2020.05.11"]
[EventType "swiss (blitz)"]

{[%evp 9,49,4,26,24,83,86,130,91,337,350,340,335,349,337,393,383,402,398,453,417,471,398,401,385,524,512,564,562,678,627,714,699,956,930,1868,1031,1193,1222,1438,1301,2125,1972]} 1. e4 c5 2. d4 e6 3. c3 d5 4. exd5 exd5 5. Be3 c4 6. b3 {B22: Sicilian: 2 c3.} Be6 (6... cxb3 $1 $11 {keeps the balance.} 7. axb3 Nf6) 7. bxc4 $16 {[#]} Bd6 $146 ({Predecessor:} 7... dxc4 8. Nd2 Qa5 9. Qc2 b5 10. Qe4 Nf6 11. Qxa8 Bd6 12. d5 Nxd5 13. Qxa7 Qxc3 {1-0 (26) Seger,R (2384)-Probst,A Sulzfeld 1999}) 8. Nd2 {White is better.} Nc6 $2 {[#]} (8... Nf6 $16) 9. cxd5 $1 $18 Bxd5 10. c4 Be6 11. d5 {[%mdl 64] Double Attack} Nf6 12. dxe6 fxe6 13. Ngf3 Qc7 14. Be2 O-O-O 15. O-O Ng4 16. Qb3 h5 17. h3 {White is clearly winning.} Kb8 18. c5 Bh2+ 19. Kh1 Ka8 20. Rab1 Rb8 21. Nc4 e5 22. Nd6 e4 23. Nxh2 Na5 24. Qb5 b6 25. Nxg4 {Black did not feel at home in the position after the opening. Accuracy: White = 80%, Black =  6%.} 1-0

[Event "Stay Safe Play From Home 140"]
[Site "T#645950Emanuel Laske"]
[Date "2020.05.11"]
[Round "5"]
[White "KLIND"]
[Black "Lazieri3"]
[Result "1-0"]
[WhiteElo "1919"]
[BlackElo "2118"]
[Annotator "TA"]
[PlyCount "161"]
[EventDate "2020.05.11"]
[EventType "swiss (blitz)"]

{[%evp 9,161,-9,28,14,8,-47,26,-10,-6,-12,8,0,0,0,0,0,0,0,0,5,7,0,0,-8,0,-13,0,-83,-92,-90,-91,-104,-104,-104,-106,-104,-116,-116,-106,-125,-110,-125,-58,-92,-27,-32,-47,-86,-53,0,-7,-52,-58,-114,-104,-115,-65,-79,-78,-65,-67,-129,-125,-151,-143,-331,-328,-333,-312,-322,-318,-297,0,-343,-347,-329,1021,989,1656,1464,1220,1131,29984,29985,29985,29984,29986,29987,29987,29988,29989,29990,29992,29993,29994,29990,29990,29991,29991,29990,29990,12850,12851,27999,12851,27999,12851,27999,12851,27999,12851,27999,12851,27999,12851,27999,12851,27999,12851,27999,12851,27999,12851,27999,12851,27999,12851,27999,12851,27999,12851,27999,12851,27999,12851,27999,12851,27999,12851,27999,12851,27999,12851,27999,12851,27999,12851,27999,12851,27999,27999,27999,27999,27998]} 1. e4 c6 2. Nf3 d5 3. exd5 cxd5 4. d4 Nc6 5. Bd3 Nf6 6. O-O {B13: Caro-Kann: Exchange Variation and Panov-Botvinnik Attack.} Bg4 7. Bg5 {[#]} (7. c3 $11) 7... Bh5 $146 (7... Bxf3 $15 8. Qxf3 Nxd4) ({Predecessor:} 7... Bxf3 8. Qxf3 Nxd4 9. Qd1 e6 10. c3 Nc6 11. Nd2 Be7 12. Qc2 h6 13. Bh4 O-O {0-1 (55) Rossini,C (1048)-Boni,R (1556) LSS email 2011}) 8. Be2 {White has an edge.} e6 9. c3 Be7 10. Ne5 Bxe2 11. Qxe2 Nxe5 12. dxe5 Nd7 13. Bxe7 Qxe7 14. Nd2 {[%cal Bb1d2,Bd2b3,Bb3d4][%mdl 32]} O-O 15. f4 Nc5 16. Nb3 Ne4 17. Nd4 a6 18. f5 {[#]} (18. Rad1 $11) 18... exf5 $1 $17 {[%mdl 64] Discovered Attack} 19. Nxf5 Qxe5 20. Qg4 {aiming for Nh6+.} g6 21. Nh6+ Kg7 22. Nf5+ Kh8 23. Nd4 Rae8 24. Rad1 f5 25. Qf3 Ng5 (25... Qd6 $17 {White must now prevent ...Qb6.} 26. Qf4 Qc5) 26. Qf2 Qe3 (26... Qc7 $17 27. Nb3 Rd8) 27. Qxe3 $11 Rxe3 28. Rfe1 Rfe8 29. Rxe3 Rxe3 $15 {[%mdl 4096] Endgame KRN-KRN} 30. Kf2 Re5 31. Rd3 (31. Kf1 $15) 31... Ne4+ $17 32. Kf1 Nc5 33. Rd2 Kg7 34. Nf3 Ne4 35. Re2 (35. Nxe5 $15 Nxd2+ 36. Ke2) 35... Re7 36. Nd4 Kf6 37. g4 $2 (37. Nb3 $17 {keeps fighting.}) 37... fxg4 $19 38. Kg1 g3 39. hxg3 Nxg3 40. Rf2+ Kg7 $2 ({Better is} 40... Kg5 $19 {Strongly threatening ...Kg4.} 41. Kg2 Kg4) 41. Kg2 $2 {[%mdl 8192]} (41. Rg2 $11 {and White has nothing to worry.}) 41... Ne4 42. Re2 Nf6 $4 {[%mdl 8192]} (42... Kf6 $19 43. Re3 Rf7 44. Rf3+ Ke7) 43. Rxe7+ $18 Kh6 44. Rxb7 Nh5 45. Ne6 Nf4+ 46. Nxf4 Kg5 47. Ne2 Kf5 48. Nd4+ Ke4 49. Rxh7 Kd3 50. Rh6 Kc4 51. Rxg6 a5 52. Ra6 a4 53. Rxa4+ Kd3 54. Ra5 Ke4 {[#]} 55. Rxd5 $3 Kxd5 56. Kf2 Kc4 57. Ke2 Kc5 58. Kd2 Kb6 59. Kc2 Ka5 60. Ne2 Kb6 61. Nc1 {Nd3 would kill now.} Ka7 62. b3 Kb6 63. a3 {[%cal Ba2a3,Ba3a4,Ba4a5,Ba5a6][%mdl 32]} Ka5 64. c4 Kb6 65. b4 Ka7 66. Kc3 Ka8 67. a4 Kb8 68. c5 Ka8 69. b5 Kb8 70. a5 Ka8 71. Kc4 {Intending Kd5 and mate.} Kb8 72. c6 Ka8 73. b6 Kb8 74. a6 {White wants to mate with Kd5.} Ka8 75. Kc5 {Threatening mate with Kd6.} Kb8 76. Kd6 {White threatens c7+ and mate.} Ka8 77. b7+ Kb8 78. c7+ Ka7 79. c8=Q {[%csl Gc8][%cal Rb7b8]} Kxa6 80. b8=Q+ Ka5 {[#]} 81. Qa6+ $1 {What a bad dream for Black. Accuracy: White = 60%, Black = 65%.} 1-0

[Event "Stay Safe Play From Home 140"]
[Site "T#645950Emanuel Laske"]
[Date "2020.05.11"]
[Round "5"]
[White "Chesspugnator"]
[Black "UHU4"]
[Result "1-0"]
[WhiteElo "1882"]
[BlackElo "1508"]
[Annotator "NA RC"]
[PlyCount "33"]
[EventDate "2020.05.11"]
[EventType "swiss (blitz)"]

1. Nf3 {[%emt 0:00:04]} f5 {[%emt 0:00:01]} 2. g3 {[%emt 0:00:00]} Nf6 {[%emt 0:00:01]} 3. Bg2 {[%emt 0:00:00]} h6 {[%emt 0:00:01]} 4. O-O {[%emt 0:00:00]} g5 {[%emt 0:00:01]} 5. d3 {[%emt 0:00:00]} Bg7 {[%emt 0:00:02]} 6. e4 {[%emt 0:00:02]} e6 {[%emt 0:00:01]} 7. exf5 {[%emt 0:00:01]} exf5 {[%emt 0:00:01]} 8. Re1+ {[%emt 0:00:00]} Kf7 {[%emt 0:00:01]} 9. Ne5+ {[%emt 0:00:01]} Kg8 {[%emt 0:00:03]} 10. Ng6 {[%emt 0:00:00]} Rh7 {[%emt 0:00:01]} 11. c3 {[%emt 0:00:01]} Nc6 {[%emt 0:00:02]} 12. Nd2 {[%emt 0:00:05]} Kf7 {[%emt 0:00:01]} 13. Ne5+ {[%emt 0:00:02]} Nxe5 {[%emt 0:00:01]} 14. Rxe5 {[%emt 0:00:00]} Kg6 {[%emt 0:00:01]} 15. Re1 {[%emt 0:00:00]} c6 {[%emt 0:00:02]} 16. Nf3 {[%emt 0:00:01]} d5 {[%emt 0:00:02]} 17. Ne5# {[%emt 0:00:01] (Lag: Av=0.98s, max=1.5s)} 1-0

[Event "Stay Safe Play From Home 140"]
[Site "T#645950Emanuel Laske"]
[Date "2020.05.11"]
[Round "5"]
[White "Chase the sun"]
[Black "matanant"]
[Result "1-0"]
[WhiteElo "1796"]
[BlackElo "1610"]
[Annotator "NA RC"]
[PlyCount "69"]
[EventDate "2020.05.11"]
[EventType "swiss (blitz)"]

1. e4 {[%emt 0:00:01]} e5 {[%emt 0:00:01]} 2. Nc3 {[%emt 0:00:01]} d5 {[%emt 0:00:00]} 3. Nxd5 {[%emt 0:00:02]} c6 {[%emt 0:00:00]} 4. Nc3 {[%emt 0:00:01]} Bc5 {[%emt 0:00:01]} 5. Bc4 {[%emt 0:00:01]} b5 {[%emt 0:00:00]} 6. Bb3 {[%emt 0:00:01]} Qe7 {[%emt 0:00:02]} 7. d3 {[%emt 0:00:01]} Be6 {[%emt 0:00:01]} 8. Bxe6 {[%emt 0:00:02]} Qxe6 {[%emt 0:00:01]} 9. Nf3 {[%emt 0:00:00]} h6 {[%emt 0:00:02]} 10. O-O {[%emt 0:00:01]} Nf6 {[%emt 0:00:01]} 11. d4 {[%emt 0:00:01]} O-O {[%emt 0:00:00]} 12. dxc5 {[%emt 0:00:02]} Nbd7 {[%emt 0:00:00]} 13. Qd6 {[%emt 0:00:02]} Qe8 {[%emt 0:00:03]} 14. Qxc6 {[%emt 0:00:02]} Rc8 {[%emt 0:00:02]} 15. Qxb5 {[%emt 0:00:01]} Rxc5 {[%emt 0:00:03]} 16. Qe2 {[%emt 0:00:01]} Qe6 {[%emt 0:00:03]} 17. Be3 {[%emt 0:00:00]} Rc6 {[%emt 0:00:02]} 18. Rfd1 {[%emt 0:00:01]} Rfc8 {[%emt 0:00:00]} 19. Rd2 {[%emt 0:00:01]} Nc5 {[%emt 0:00:01]} 20. Bxc5 {[%emt 0:00:02]} Rxc5 {[%emt 0:00:01]} 21. Rad1 {[%emt 0:00:00]} R5c6 {[%emt 0:00:02]} 22. Nd5 {[%emt 0:00:01]} Nd7 {[%emt 0:00:07]} 23. c3 {[%emt 0:00:02]} Nb6 {[%emt 0:00:02]} 24. Nxb6 {[%emt 0:00:02]} Rxb6 {[%emt 0:00:01]} 25. Rd8+ {[%emt 0:00:01]} Rxd8 {[%emt 0:00:02]} 26. Rxd8+ {[%emt 0:00:00]} Kh7 {[%emt 0:00:01]} 27. Qd3 {[%emt 0:00:01]} Qxa2 {[%emt 0:00:01]} 28. h3 {[%emt 0:00:01]} Rxb2 {[%emt 0:00:04]} 29. Nxe5 {[%emt 0:00:06]} Rb1+ {[%emt 0:00:02]} 30. Kh2 {[%emt 0:00:02]} Rb2 {[%emt 0:00:00]} 31. Qg3 {[%emt 0:00:01]} Qe6 {[%emt 0:00:07]} 32. Rd7 {[%emt 0:00:05]} Re2 {[%emt 0:00:05]} 33. Rxf7 {[%emt 0:00:01]} Qxe5 {[%emt 0:00:01]} 34. Qxe5 {[%emt 0:00:02]} Rxf2 {[%emt 0:00:00]} 35. Qxg7# {[%emt 0:00:00] (Lag: Av=0.65s, max=1.3s)} 1-0

[Event "Stay Safe Play From Home 140"]
[Site "T#645950Emanuel Laske"]
[Date "2020.05.11"]
[Round "5"]
[White "Edmatuag"]
[Black "Muralikrishna"]
[Result "0-1"]
[WhiteElo "1683"]
[BlackElo "1820"]
[Annotator "NA RC"]
[PlyCount "38"]
[EventDate "2020.05.11"]
[EventType "swiss (blitz)"]

1. d4 {[%emt 0:00:01]} Nc6 {[%emt 0:00:01]} 2. c4 {[%emt 0:00:01]} e5 {[%emt 0:00:01]} 3. d5 {[%emt 0:00:02]} Nce7 {[%emt 0:00:00]} 4. Nc3 {[%emt 0:00:02]} Nf6 {[%emt 0:00:01]} 5. f4 {[%emt 0:00:01]} exf4 {[%emt 0:00:03]} 6. Bxf4 {[%emt 0:00:01]} Ng6 {[%emt 0:00:00]} 7. Bg3 {[%emt 0:00:02]} Bc5 {[%emt 0:00:01]} 8. Nf3 {[%emt 0:00:04]} d6 {[%emt 0:00:01]} 9. Nd4 {[%emt 0:00:03]} O-O {[%emt 0:00:02]} 10. e3 {[%emt 0:00:03]} Ng4 {[%emt 0:00:04]} 11. Bf2 {[%emt 0:00:05]} Re8 {[%emt 0:00:03]} 12. Qd2 {[%emt 0:00:09]} Nf4 {[%emt 0:00:12]} 13. O-O-O {[%emt 0:00:04]} Nxf2 {[%emt 0:00:02]} 14. Qxf2 {[%emt 0:00:02]} Ng6 {[%emt 0:00:01]} 15. Kb1 {[%emt 0:00:04]} Bg4 {[%emt 0:00:03]} 16. Rd2 {[%emt 0:00:03]} Qd7 {[%emt 0:00:01]} 17. Bd3 {[%emt 0:00:01]} Ne5 {[%emt 0:00:03]} 18. Bc2 {[%emt 0:00:02]} Nxc4 {[%emt 0:00:02]} 19. Rd3 {[%emt 0:00:07]} Bf5 {[%emt 0:00:02] Time (Lag: Av=0.75s, max=1.6s)} 0-1

[Event "Stay Safe Play From Home 140"]
[Site "T#645950Emanuel Laske"]
[Date "2020.05.11"]
[Round "5"]
[White "Emresenar"]
[Black "Scorpio New"]
[Result "0-1"]
[WhiteElo "1647"]
[BlackElo "2165"]
[Annotator "TA"]
[PlyCount "92"]
[EventDate "2020.05.11"]
[EventType "swiss (blitz)"]

{[%evp 9,92,11,16,21,27,14,20,0,6,13,14,2,9,-8,40,-54,97,105,128,128,132,112,122,127,159,157,156,129,135,80,65,82,68,-15,-15,-14,-16,-32,0,-62,-62,-62,-75,-110,-16,-164,-87,-88,-65,-163,0,-169,-162,-160,-164,-283,-285,-336,-327,-443,-447,-432,-433,-447,-435,-509,-499,-639,-664,-698,-693,-678,-673,-1827,-1340,-3551,-2526,-29988,-29989,-29988,-29987,-29997,-29987,-29996,-837]} 1. g3 d6 2. Bg2 Nd7 3. b3 c6 4. Bb2 Ngf6 5. Nf3 e5 6. O-O {[#] A00: Irregular Openings.} g6 $146 ({Predecessor:} 6... Be7 7. d4 e4 8. Ng5 d5 9. f3 h6 10. Nh3 O-O 11. c4 Re8 12. Nc3 exf3 13. exf3 dxc4 14. bxc4 {0-1 (27) Czebe,A (2490)-Manolache,M (2496) Budapest 2017}) 7. d3 Bg7 8. Re1 {The position is equal.} O-O 9. c4 Qc7 10. e4 Re8 11. d4 a5 12. d5 (12. Nc3 $14) 12... c5 $2 {[#]} (12... cxd5 $15 {stays ahead.} 13. exd5 Nc5) 13. Nc3 $16 b6 14. Nb5 Qb8 15. Ng5 Ba6 16. a4 {[%cal Ba2a4,Ba4b5][%mdl 32]} Bxb5 17. axb5 h6 18. Nh3 Nh7 19. f4 ({White should try} 19. Bc1) 19... exf4 20. Bxg7 Kxg7 21. Nxf4 (21. gxf4 $14 Qd8 22. Qg4) 21... Ne5 22. Qc2 Qd8 23. Nd3 Qe7 24. Nxe5 (24. Nb2 $11) 24... Qxe5 $15 25. Rf1 Nf6 {[%cal Rf6e4]} 26. Rae1 Nd7 ({Better is} 26... Ra7 $17 27. Rf4 Nd7) 27. Qd3 (27. Rf4 $11 {and White stays safe.}) 27... Re7 (27... Qd4+ $19 28. Qxd4+ cxd4) 28. Qf3 h5 29. Bh3 (29. Qf4 $15) 29... Qd4+ $2 {[#]} (29... Nf6 $19 {...a4 is the strong threat.} 30. Qd1 Qd4+ 31. Qxd4 cxd4) 30. Qe3 $2 (30. Kh1 $11 {and White has nothing to worry.} Qe5 31. Bxd7 Rxd7 32. g4) 30... Qxe3+ $19 31. Rxe3 Ne5 32. Rf4 (32. Ra1 {is a better defense.}) 32... a4 33. bxa4 Rxa4 34. Rc3 {White hopes to continue with Bf1.} Rxc4 35. Rxc4 Nxc4 {[%mdl 4096] Endgame KRB-KRN} 36. Kf2 Ne5 37. Ke3 Ra7 38. Rf1 Ra3+ 39. Kd2 Ra2+ 40. Ke3 Rxh2 41. Bd7 Nxd7 42. e5 Nxe5 43. g4 hxg4 {Black mates.} 44. Rg1 Rh3+ 45. Kf4 g3 46. Kg5 f6+ {Black used his chance. Accuracy: White = 42%, Black = 68%.} 0-1

[Event "Stay Safe Play From Home 140"]
[Site "T#645950Emanuel Laske"]
[Date "2020.05.11"]
[Round "5"]
[White "Nagaram"]
[Black "Patzeroglu"]
[Result "0-1"]
[WhiteElo "1488"]
[BlackElo "1838"]
[Annotator "NA RC"]
[PlyCount "56"]
[EventDate "2020.05.11"]
[EventType "swiss (blitz)"]

1. e4 {[%emt 0:00:02]} c5 {[%emt 0:00:02]} 2. Nf3 {[%emt 0:00:03]} Nf6 {[%emt 0:00:00]} 3. d4 {[%emt 0:00:01]} Nxe4 {[%emt 0:00:01]} 4. Nc3 {[%emt 0:00:03]} d5 {[%emt 0:00:01]} 5. Nxe4 {[%emt 0:00:01]} dxe4 {[%emt 0:00:02]} 6. Nd2 {[%emt 0:00:01]} Qxd4 {[%emt 0:00:03]} 7. c3 {[%emt 0:00:01]} Qe5 {[%emt 0:00:03]} 8. Qe2 {[%emt 0:00:02]} f5 {[%emt 0:00:02]} 9. f3 {[%emt 0:00:01]} Nc6 {[%emt 0:00:02]} 10. fxe4 {[%emt 0:00:01]} f4 {[%emt 0:00:00]} 11. g3 {[%emt 0:00:02]} Qc7 {[%emt 0:00:01]} 12. gxf4 {[%emt 0:00:01]} e5 {[%emt 0:00:00]} 13. f5 {[%emt 0:00:01]} Be7 {[%emt 0:00:00]} 14. Nc4 {[%emt 0:00:01]} O-O {[%emt 0:00:00]} 15. Bd2 {[%emt 0:00:01]} b5 {[%emt 0:00:02]} 16. Na3 {[%emt 0:00:02]} Nd4 {[%emt 0:00:00]} 17. Qd3 {[%emt 0:00:02]} Nxf5 {[%emt 0:00:02]} 18. exf5 {[%emt 0:00:02]} Bxf5 {[%emt 0:00:01]} 19. Qxb5 {[%emt 0:00:01]} Be4 {[%emt 0:00:02]} 20. Rg1 {[%emt 0:00:03]} Kh8 {[%emt 0:00:01]} 21. Qe2 {[%emt 0:00:01]} Bf3 {[%emt 0:00:02]} 22. Qf2 {[%emt 0:00:01]} Qd8 {[%emt 0:00:05]} 23. Qg3 {[%emt 0:00:01]} Bh4 {[%emt 0:00:01]} 24. Kf2 {[%emt 0:00:05]} Rb8 {[%emt 0:00:03]} 25. Ke3 {[%emt 0:00:03]} Bxg3 {[%emt 0:00:02]} 26. Rxg3 {[%emt 0:00:00]} e4 {[%emt 0:00:00]} 27. Bh3 {[%emt 0:00:01]} Rxb2 {[%emt 0:00:02]} 28. Rag1 {[%emt 0:00:03]} Qxd2# {[%emt 0:00:15] (Lag: Av=1.03s, max=1.9s)} 0-1

[Event "Stay Safe Play From Home 140"]
[Site "T#645950Emanuel Laske"]
[Date "2020.05.11"]
[Round "6"]
[White "Onlyforchess"]
[Black "Lamborghini"]
[Result "1-0"]
[WhiteElo "2552"]
[BlackElo "2282"]
[Annotator "TA"]
[PlyCount "101"]
[EventDate "2020.05.11"]
[EventType "swiss (blitz)"]

{[%evp 9,101,57,75,72,79,15,12,20,22,-45,29,21,12,-33,0,0,0,-15,74,72,153,144,242,219,231,231,304,88,154,145,154,164,148,156,617,617,969,758,617,272,259,114,82,0,0,0,645,636,641,645,644,639,631,630,620,603,672,671,721,689,751,646,1082,1033,691,909,998,944,29976,29977,29976,29979,29979,29980,29982,29983,29983,29984,29984,29983,29982,29983,29985,29984,29985,29986,29986,29987,29987,29987,29989,29988,29988,29989]} 1. e4 g6 2. d4 Bg7 3. Nc3 c5 4. dxc5 Bxc3+ 5. bxc3 Nf6 6. e5 {B06: Modern Defence.} Ne4 7. Qd4 ({White should try} 7. Bc4 $16 Nxc5 8. Nf3) 7... Qa5 $11 {[#]} 8. Nf3 $146 {The position is equal.} ({Predecessor:} 8. Be3 Nc6 9. Qc4 b6 10. Rb1 Qxc3+ 11. Qxc3 Nxc3 12. Rb3 Nd5 13. cxb6 Nxe3 14. Rxe3 axb6 {0-1 (43) Grimm,D (2346)-Alvir,A (2359) Austria 2017}) 8... Nc6 9. Qc4 (9. Qe3 $11) 9... Qxc5 (9... b6 $15) 10. Qxc5 Nxc5 11. Bc4 O-O 12. Bh6 $36 {[%mdl 2048] White fights for an advantage.} Rd8 13. O-O-O Ne6 (13... b6 $11) 14. h4 $16 b6 (14... d6 $142) 15. h5 $1 Bb7 (15... Rb8 $16 {might work better.}) 16. hxg6 $18 hxg6 17. Rh4 Na5 18. Bd3 $2 (18. Bxe6 $1 $18 {is the precise move to win.} dxe6 19. Rdh1 Bxf3 20. gxf3) 18... Bxf3 ({Black should play} 18... d6) 19. gxf3 $16 Nc6 20. f4 f5 21. exf6 $1 exf6 $2 (21... Kf7 $16 22. Bg5 Rh8) 22. Bxg6 $18 Nf8 23. Bf5 {And now Rg4+ would win.} Kf7 24. Rg1 (24. Bxf8 $142 {Threatening mate with Ba3.} Kxf8 25. Rh8+ Kf7 26. Rh7+ Kf8 27. Be4 $1 {[%mdl 512]}) 24... Ne6 25. Rhg4 (25. Be4 $18 {and White stays clearly on top. f5 is the strong threat.} Nc5 26. f5) 25... Rh8 $16 26. Rg7+ (26. Bxe6+ $16 Kxe6 {[#]} 27. f5+ $1 {[%mdl 576] Decoy} Kxf5 28. Rf4+ Ke6 29. Re1+ Ne5 30. Bg7 {[%mdl 64] Double Attack}) 26... Nxg7 $11 27. Rxg7+ Ke8 $2 {[%mdl 8192] White stays focused until the end.} (27... Kf8 $11 28. Rh7+ Kg8 29. Rg7+ Kf8 30. Rh7+ Kg8 31. Rg7+ Kf8) 28. Bxd7+ $18 {[%mdl 64] Double Attack} Kf8 29. Rh7+ $1 ({Stronger than} 29. Bxc6 Rxh6 30. Rc7 Rd8 $15) 29... Kg8 30. Rxh8+ Kxh8 31. Bxc6 Rc8 32. Be4 Rxc3 33. f5 Rh3 34. Be3 Kg7 35. a4 Rh2 36. Kb2 Rh4 37. f3 Rh3 {[#]} 38. a5 $1 Kf7 {[#]} (38... bxa5 39. Bxa7) 39. Bxb6 $1 {[%mdl 64] Promotion. White mates.} axb6 {[%mdl 4096] Endgame KR-KB} 40. a6 Rh8 41. a7 Rd8 42. a8=Q Rxa8 43. Bxa8 {KB-KPP} Ke7 44. Be4 Kd6 45. Kb3 Ke5 46. Kb4 Kd4 47. Kb5 Kc3 48. Kxb6 Kd4 49. Kc6 Ke5 50. Kd7 Kd4 51. Ke7 {Accuracy: White = 65%, Black = 34%.} 1-0